Kỹ thuật địa môi trường
保存先:
| 第一著者: | |
|---|---|
| フォーマット: | 図書 |
| 言語: | Undetermined |
| 出版事項: |
H.
Xây dựng
2004
|
| 主題: | |
| オンライン・アクセス: | http://lrc.tdmu.edu.vn/opac/search/detail.asp?aID=2&ID=4036 |
| タグ: |
タグ追加
タグなし, このレコードへの初めてのタグを付けませんか!
|
| Thư viện lưu trữ: | Trung tâm Học liệu Trường Đại học Thủ Dầu Một |
|---|
| LEADER | 00604nam a2200193Ia 4500 | ||
|---|---|---|---|
| 001 | TDMU_4036 | ||
| 008 | 210410s9999 xx 000 0 und d | ||
| 082 | |a 628 | ||
| 090 | |b N4994 | ||
| 100 | |a Nguyễn, Uyên | ||
| 245 | 0 | |a Kỹ thuật địa môi trường | |
| 245 | 0 | |c Nguyễn Uyên | |
| 260 | |a H. | ||
| 260 | |b Xây dựng | ||
| 260 | |c 2004 | ||
| 300 | |a 370tr. | ||
| 650 | |a Kỹ thuật địa chất; Địa môi trường | ||
| 856 | |u http://lrc.tdmu.edu.vn/opac/search/detail.asp?aID=2&ID=4036 | ||
| 980 | |a Trung tâm Học liệu Trường Đại học Thủ Dầu Một | ||